00263nam a2200097 4500008004100000082001600041245002200057260004800079300001500127650002300142240701b |||||||| |||| 00| 0 eng d a305.42bWOM aWomen's manifesto aColombo:b[Women's political forum?],cn.d. a15 p.;25cm aFEMINISM-Sri Lanka